Catálogo
 En Linea

Una cuestión de honor : (Registro nro. 2540)

Detalles MARC
000 -CABECERA
campo de control de longitud fija 01217nam a2200289 a 4500
001 - NÚMERO DE CONTROL
campo de control 000002704
005 - FECHA Y HORA DE LA ÚLTIMA TRANSACCIÓN
campo de control 20240409180111.0
008 - DATOS DE LONGITUD FIJA--INFORMACIÓN GENERAL
campo de control de longitud fija 090703s2005 dr 000 0 spa d
020 ## - NÚMERO INTERNACIONAL ESTÁNDAR DEL LIBRO
Número Internacional Estándar del Libro 9993481343
040 ## - FUENTE DE LA CATALOGACIÓN
Centro catalogador/agencia de origen DO-SdBNP
Lengua de catalogación spa
Centro/agencia transcriptor BNPHU
082 ## - NÚMERO DE LA CLASIFICACIÓN DECIMAL DEWEY
Número de clasificación 972.9304
Número de documento/Ítem G643u
049 ## - FONDOS LOCALES (OCLC)
Fondos de biblioteca BNPHD
100 1# - ENTRADA PRINCIPAL--NOMBRE DE PERSONA
Nombre de persona González Calleja, Eduardo,
Fechas asociadas al nombre 1962-
9 (RLIN) 8535
245 10 - MENCIÓN DE TÍTULO
Título Una cuestión de honor :
Resto del título la polémica sobre la anexión de Santo Domingo vista desde España (1861-1865) /
Mención de responsabilidad, etc. Eduardo González Calleja, Antonio Fontecha Pedraza ; presentación Manuel García Arévalo.
260 ## - PUBLICACIÓN, DISTRIBUCIÓN, ETC.
Lugar de publicación, distribución, etc. Santo Domingo :
Nombre del editor, distribuidor, etc. Fundación García Arévalo,
Fecha de publicación, distribución, etc. 2005.
300 ## - DESCRIPCIÓN FÍSICA
Extensión 279 p. :
Otras características físicas il., retrs. ;
Dimensiones 23 cm.
490 1# - MENCIÓN DE SERIE
Mención de serie Documental
Designación de volumen o secuencia 5
500 ## - NOTA GENERAL
Nota general Incluye índice onomástico
504 ## - NOTA DE BIBLIOGRAFÍA, ETC.
Nota de bibliografía, etc. Incluye referencias bibliográficas y notas al pie de las páginas
504 ## - NOTA DE BIBLIOGRAFÍA, ETC.
Nota de bibliografía, etc. Bibliografía : p. 247-253
651 #4 - PUNTO DE ACCESO ADICIONAL DE MATERIA--NOMBRE GEOGRÁFICO
Nombre geográfico República Dominicana
Subdivisión general Historia
Subdivisión cronológica ANEXIÓN A ESPAÑA, 1861-1865
9 (RLIN) 139
651 #0 - PUNTO DE ACCESO ADICIONAL DE MATERIA--NOMBRE GEOGRÁFICO
Nombre geográfico REPÚBLICA DOMINICANA
Subdivisión general HISTORIA
Subdivisión cronológica RESTAURACIÓN 1863-1865
9 (RLIN) 896
700 1# - PUNTO DE ACCESO ADICIONAL--NOMBRE DE PERSONA
Nombre de persona Fontecha Pedraza, Antonio,
Fechas asociadas al nombre 1961-
9 (RLIN) 8536
700 1# - PUNTO DE ACCESO ADICIONAL--NOMBRE DE PERSONA
Nombre de persona García Arávelo, Manuel
9 (RLIN) 8537
830 #0 - PUNTO DE ACCESO ADICIONAL DE SERIE-TÍTULO UNIFORME
Título uniforme Documental
Número de parte o sección de la obra 5
9 (RLIN) 8538
910 ## - DATOS DE OPCIÓN DEL USUARIO (OCLC)
Datos de opción del usuario Validado. Control de calidad MFF
Existencias
Estado de retiro Estado de pérdida Restricciones de uso No para préstamo Código de colección Localización permanente Ubicación/localización actual Ubicación en estantería Fecha de adquisición Número de inventario Total de préstamos Signatura topográfica completa Código de barras Fecha visto por última vez Número de copia Precio válido a partir de Tipo de ítem Koha
        Dominicana de Servicio General General Depósito 05.02.2010 LF1   972.9304 G643u 2704-30 25.06.2020 e. 3 25.06.2020 Libro y Folleto Colección Dominicana de Servicio
        Dominicana de Servicio General General Depósito 05.02.2010 LF1   972.9304 G643u 2704-40 25.06.2020 e. 4 25.06.2020 Libro y Folleto Colección Dominicana de Servicio
        Dominicana de Servicio General General Depósito 05.02.2010 LF1   972.9304 G643u 2704-50 25.06.2020 e. 5 25.06.2020 Libro y Folleto Colección Dominicana de Servicio
      Excluido de préstamo Patrimonio Dominicano Patrimonio Dominicano Patrimonio Dominicano Depósito 03.07.2009 LF1   972.9304 G643u 2704-10 25.06.2020   25.06.2020 Libro y Folleto Colección Patrimonio Dominicano
      Excluido de préstamo Patrimonio Dominicano Patrimonio Dominicano Patrimonio Dominicano Depósito 05.02.2010 LF1   972.9304 G643u 2704-20 25.06.2020 e. 2 25.06.2020 Libro y Folleto Colección Patrimonio Dominicano

Con tecnología Koha